000 00653nam a2200241 4500
001 3650548
003 OSt
005 20141209120946.0
008 730108s1971 ug 000 0 eng
010 _a 75981820
040 _aDLC
_cDLC
_dDLC
043 _af------
050 0 0 _aBV3500
_b.M444
100 1 _aMbiti, John S.
_934264
245 1 4 _aThe crisis of mission in Africa
_c[by John S. Mbiti]
260 _aMukono,
_bUganda Church Press
_c[c1971]
300 _avi, 10 p.
_c22 cm.
350 _a2/-
500 _a[Africana]
650 0 _aMissions
_zAfrica.
_934265
906 _a7
_bcbc
_corignew
_d4
_encip
_f19
_gy-gencatlg
942 _2lcc
_cAFR(G)
999 _c60934
_d60908